000 00621nam a2200181Ia 4500
008 090630s9999 xx 000 0 und d
082 _b20486
100 _aपोेखरकर प्रशांत.
245 _aक्राईम किंग.
_cपोेखरकर प्रशांत.
260 _bपुष्प.
300 _a176
600 _aपोेखरकर प्रशांत.
630 _aक्राईम किंग.
655 _aकादंबरी.
700 _aपोेखरकर प्रशांत.
730 _aक्राईम किंग.
942 _cBOOK
999 _c272342
_d272342